عرض عادي
عرض مارك
- الججاوي، طلال محمد علي
مدخل إسم شخص
001 - رقم الضبط
- حقل الضبط: 89959
003 - معرف رقم الضبط
- حقل الضبط: OSt
005 - تاريخ ووقت أخر عملية
- حقل الضبط: 20220605132538.0
008 - عناصر بيانات ثابتة الطول
- حقل تحكم ثابت الطول: 220605|| aca||aabn | a|a d
040 ## - مصدر الفهرسة
- هيئة الفهرسة الأصلية: OSt
- وكالة الكتابة: OSt
100 ## - مدخل -- أسم شخص
- إسم شخص: الججاوي، طلال محمد علي
670 ## - بيانات المصدر موجوده
- الاستشهاد بالمصدر: Work cat.: (OSt)79839: الججاوي، طلال محمد علي مؤلف., قياس جودة المعلومات المحاسبية من وجهة نظر معديها ومستخدميها /
